000 00824nam a2200217 a 4500
001 000030887
005 20200930062553.0
008 110603s1937 dr a 001 0 spa d
040 _aDO-SdBNP
_bspa
_cBNPHU
082 _a582.16097293
_bS333r, 1937
100 1 _aSchiffino, José
_922056
245 1 0 _aRiqueza forestal dominicana. /
_cJosé Schiffino ; [prólogo Lorenzo Despradel].
250 _a2a. ed.
260 _aCiudad Trujillo, República Dominicana :
_b[s.n.],
_c1937.
300 _a96 p. :
_bil. ;
_c23 cm.
500 _aIncluye índice de los nombres vulgares en la República Dominicana y Centro y Sur América.
590 _aInventariado, 2018/DG
650 4 _aÁrboles
_zRepública Dominicana
_921551
650 4 _aFlora forestal
_zRepública Dominicana
_922057
700 1 2 _aDespradel, Lorenzo,
_epról.
_939175
999 _c30379
_d30379